Statistics for Florida Pro Sports Teams

Click here to take the quiz!

General Stats

  • This quiz has been taken 40 times
  • The average score is 9 of 10

Answer Stats

Answer % Correct
Dolphins
95%
Heat
95%
Jaguars
95%
Marlins
95%
Buccaneers
90%
Magic
90%
Rays
90%
Panthers
87%
Lightning
85%
Orlando City SC
36%

Score Distribution

Percentile by Number Answered

Percent of People with Each Score

Your Score History

You have not taken this quiz